000 00592nam a2200205 i 4500
001 115149
003 ES-MaACL
005 20250707062611.0
007 t|
008 070223s1907 sp ||||1| spa d
080 _a821.134.2-32"19"
100 1 _aMarquina, Eduardo,
_d1879-1946
_977043
245 1 3 _aLa caravana
_b: novela /
_cpor Eduardo Marquina.
260 _aMadrid :
_bEl Cuento Semanal,
_c1907.
300 _a20 p. :
_bil. ;
_c26 cm.
490 1 _aEl cuento semanal ;
_v11
830 0 3 _aEl cuento semanal
_v11
_9185957
852 _aES-MaACL
_jG-4439(11)
999 _c115149
_d115149